La cloche engoutie (Record no. 155139)

MARC details
000 -LEADER
campo de control de longitud fija 00630nam a22001815i 4500
001 - NÚMERO DE CONTROL
campo de control 155139
003 - IDENTIFICADOR DE NÚMERO DE CONTROL
campo de control ES-MaACL
005 - FECHA Y HORA DE LA ÚLTIMA TRANSACCIÓN
campo de control 20230906205955.0
008 - DATOS DE LONGITUD FIJA--INFORMACIÓN GENERAL
campo de control de longitud fija 040722s1897 fr |||| | fre d
040 ## - FUENTE DE CATALOGACIÓN
Centro catalogador/agencia de origen CAM
Lengua de catalogación spa
Centro/agencia transcriptor CAM
100 1# - ENTRADA PRINCIPAL--NOMBRE DE PERSONA
Nombre de persona Hauptmann, Gerhart.
9 (RLIN) 62099
245 13 - MENCIÓN DEL TÍTULO
Título La cloche engoutie
Resto del título : conte dramatique en cinq actes /
Mención de responsabilidad, etc. Gerhart Hauptmann; traduit avec l'autorisation de l'auteur par A. Ferdinand Herold.
250 ## - MENCION DE EDICION
Mención de edición 2me. éd.
260 ## - PUBLICACIÓN, DISTRIBUCIÓN, ETC.
Lugar de publicación, distribución, etc. Paris :
Nombre del editor, distribuidor, etc. Socété du Mercier de France,
Fecha de publicación, distribución, etc. 1897.
300 ## - DESCRIPCIÓN FÍSICA
Extensión 245 p. ;
Dimensiones 19 cm.
700 1# - ENTRADA AGREGADA--NOMBRE PERSONAL
Nombre de persona Herold, A. Ferdinand.
9 (RLIN) 63127
852 ## - LOCALIZACIÓN
Ubicación ES-MaACL
Número de control de estantería F-8833
Nota libre -- Enc. hol.
Holdings
Estatus retirado Estado de pérdida Estado de daño No para préstamo Colección Biblioteca de origen Biblioteca actual Ubicación en estantería Fecha de adquisición Fuente de adquisición Total de préstamos Signatura topográfica completa Código de barras Visto por última vez Precio de reemplazo Tipo de ítem Koha
        Libros del s. XIX Biblioteca del Ateneo de Madrid Biblioteca del Ateneo de Madrid Sala Pecera Planta 2 17/01/2008     F-8833 1162283 23/02/2023 23/02/2023 Libro impreso antiguo